Mimoriadna účtovná závierka diplomová práca

Gespeichert in:
Bibliographische Detailangaben
1. Verfasser: Hoďovská Novotová, Lucia
Körperschaft: Fakulta hospodárskej informatiky EU. Katedra účtovníctva a audítorstva
Weitere Verfasser: Szászová, Renáta
Format: Buch
Sprache:Slowakisch
Veröffentlicht: Bratislava 2010
Tags: Tag hinzufügen
Keine Tags, Fügen Sie das erste Tag hinzu!

MARC

LEADER 00000nam$a2200000$$$4500
001 0119055
005 20240318122722.9
041 0 |a slo 
044 |a SK 
245 1 0 |a Mimoriadna účtovná závierka  |b diplomová práca  |c Lucia Hoďovská Novotová ; škol. Renáta Szászová 
264 1 |a Bratislava  |c 2010 
300 |a 90 s. 
100 1 |a Hoďovská Novotová, Lucia 
700 1 |a Szászová, Renáta 
710 2 |a Fakulta hospodárskej informatiky EU. Katedra účtovníctva a audítorstva